Statistics for Name Puzzle: Cricketers

Click here to take the quiz!

General Stats

  • This quiz has been taken 19 times
  • The average score is 10 of 15

Answer Stats

QuestionAnswer% Correct
Say Chin+Ten Dull CarsSachin Tendulkar
100%
Brie An+Lay RayBrian Lara
88%
Rich E+ PointingRicky Ponting
88%
Bend+ Stole OaksBen Stokes
81%
Can+ Will E Am SonKane Williamson
81%
Stood Art+ BoardStuart Broad
81%
E On+ More GainEion Morgan
75%
Cool Mars+Sing A Car AKumar Sangakkara
75%
Rod Hit+Share MayRohit Sharma
75%
Rash It+ CanRashid Khan
63%
Occur Is+ More IsChris Morris
56%
May Hail A+Jay A War DenMahela Jayawardene
56%
Bear Bar+ At AmBabar Azam
50%
Steal Van+ Small ItSteve Smith
38%
Rug Bell+ Hose GainRubel Hossain
31%

Score Distribution

Percentile by Number Answered

Percent of People with Each Score

Your Score History

You have not taken this quiz